Health-promoting primary school

Αποθηκεύτηκε σε:
Λεπτομέρειες βιβλιογραφικής εγγραφής
Άλλοι συγγραφείς: Morton, Ron (Επιμελητής έκδοσης), Lloyd, John 1950- (Επιμελητής έκδοσης)
Μορφή: Βιβλίο
Γλώσσα:English
Δημοσίευση: London : David Fulton, 1994
Θέματα:
Ετικέτες: Προσθήκη ετικέτας
Δεν υπάρχουν, Καταχωρήστε ετικέτα πρώτοι!

MARC

LEADER 00000nam a2200000 i 4500
001 1/92943
008 991118s1994 eng d
020 |a 1-85346-325-6 
035 |l 10054233 
040 |a GR-MY-UA  |b gre  |e aacr 
041 0 |a eng 
082 0 |a 371.70941 
245 1 0 |a Health-promoting primary school /  |c edited by Ron Morton, John Lloyd 
260 |a London :   |b David Fulton,   |c 1994 
300 |a 151 p. 
650 0 0 |a Health education (Elementary)  |z Great Britain. 
650 0 0 |a School hygiene  |z Great Britain. 
650 0 0 |a School children  |x Health and hygiene  |z Great Britain. 
700 1 |a Morton, Ron.  |4 edt 
700 1 |a Lloyd, John  |d 1950-  |4 edt 
852 |a INST  |b RHODES  |e 19991118  |h 371.70941 HEA  |p 005400012458  |q 005400012458  |t BK  |y 0 
852 |a INST  |b RHODES  |e 20000131  |h 371.70941 HEA  |p 005400014144  |q 005400014144  |t BK  |y 0 
901 |a BIBL4-1999-3 
909 |a Ρ  |b 068844 
909 |a Ρ  |b 070457 
922 |a 4ΕΛΗ  |b 199909  |c ΚΠΣ/154  |d GLORY BOOKS 
970 |a ΚΟΥΛΑΚΙΟΤΗ  |b ΛΙΤΣΑ  |z 1999/11/18